000 00229nam a2200097Ia 4500
001 679965
005 20250826161332.0
008 250824s9999 xx 000 0 und d
245 0 _aKELOĞLAN MASALLAR
_cKOMİSYON
260 _bPARILTI
999 _c679965
_d679965